English Football League Teams 2024/25 - Statistics

General Stats
  • This quiz has been taken 468 times
  • The average score is 72 of 92
Answer Stats
Answer % Correct
Arsenal
97%
Manchester City
96%
Manchester United
96%
Tottenham Hotspur
96%
Chelsea
95%
Liverpool
95%
Aston Villa
94%
Everton
94%
Leicester City
94%
Newcastle United
94%
West Ham United
94%
AFC Bournemouth
93%
Brentford
93%
Leeds United
93%
Nottingham Forest
93%
Southampton
93%
Wolverhampton Wanderers
93%
Brighton & Hove Albion
92%
Crystal Palace
92%
Fulham
92%
Ipswich Town
92%
Sheffield United
90%
Burnley
89%
Sheffield Wednesday
89%
Sunderland
88%
Luton Town
87%
Cardiff City
86%
Birmingham City
85%
Norwich City
85%
Plymouth Argyle
85%
Derby County
84%
Swansea City
84%
Wrexham
84%
Coventry City
83%
Portsmouth
83%
Blackburn Rovers
82%
Queens Park Rangers
82%
West Bromwich Albion
82%
Bolton Wanderers
81%
Bristol City
81%
Stoke City
81%
Accrington Stanley
80%
Middlesbrough
80%
Oxford United
80%
Blackpool
79%
AFC Wimbledon
78%
Hull City
78%
Preston North End
78%
Bristol Rovers
77%
Millwall
76%
Watford
76%
Barnsley
75%
Bradford City
75%
Wigan Athletic
74%
Notts County
73%
Wycombe Wanderers
73%
Exeter City
72%
Huddersfield Town
72%
Milton Keynes Dons
72%
Reading
72%
Cambridge United
71%
Newport County
71%
Northampton Town
71%
Rotherham United
71%
Doncaster Rovers
70%
Mansfield Town
70%
Carlisle United
69%
Gillingham
69%
Leyton Orient
69%
Swindon Town
69%
Tranmere Rovers
69%
Charlton Athletic
68%
Colchester United
67%
Grimsby Town
67%
Lincoln City
67%
Walsall
67%
Cheltenham Town
66%
Salford City
66%
Burton Albion
65%
Crawley Town
65%
Peterborough United
65%
Port Vale
65%
Fleetwood Town
64%
Stockport County
64%
Crewe Alexandra
63%
Morecambe
63%
Barrow
61%
Chesterfield
60%
Stevenage
57%
Bromley
56%
Harrogate Town
56%
Shrewsbury Town
55%
No matching quizzes found
Score Distribution
Percent of People with Each Score
Percentile by Number Answered
Your Score History
You have not taken this quiz